Holiday Quiz

Random Holiday or Logic Quiz

Home for the Holidays Logic Puzzle Quiz Stats

Quiz Updated Dec 14, 2015

Challenge
Share
Tweet
Score 0/25 Timer 20:00
13 Plays Today
Family Member Travel Method % Correct
Grandma Eileen ???
100%
Uncle Duncan???
64.5%
Great-Granddad???
57.3%
Niece Nicole???
53.9%
Great-Grandma???
53.5%
Sister Sally ???
46.4%
Step-Sister Erin???
43.9%
Mother Pamela???
43.7%
Grandpa Lester???
43.1%
Aunt Ashley???
40.9%
Step-Mom Taylor???
39.5%
Cousin Frank???
38.9%
Step-Brother Sam???
38.1%
Family Member Travel Method % Correct
Cousin Oliver???
33.3%
Sister-In-Law Tiff???
32.9%
Aunt Carol???
32.8%
Cousin Carlos???
31.2%
Baby Matilda???
30%
Aunt Emily???
28.3%
Father Peter???
26.5%
Brother Dan???
20.4%
Uncle Ben???
19.6%
Adopted Bro Juan???
18.3%
Uncle Joe Jr.???
16.6%
Nephew Kevin???
15.5%

You're not logged in!

Compare scores with friends on all Sporcle quizzes.
Sign Up with Email
OR
Log In

You Might Also Like...

Show Comments

Extras

Top Quizzes Today


Score Distribution

Your Account Isn't Verified!

In order to create a playlist on Sporcle, you need to verify the email address you used during registration. Go to your Sporcle Settings to finish the process.